Kejuruteraan pengangkutan

Bibliographic Details
Main Author: Mohd. Faid Abdullah
Format: Book
Published: Cheras, Selangor : Arena Educational Supply , 2020
Series:Siri dunia kejuruteraan kontemporari (STEM)
Subjects:

MARC

LEADER 00000cam a2200000 7i4500
001 0000278363
005 20201001153354.0
020 |a 9789672369028 
090 0 0 |a 620   |b MOH 
100 0 |a Mohd. Faid Abdullah 
245 1 0 |a Kejuruteraan pengangkutan   |c Mohd Faid Abdullah 
260 |a Cheras, Selangor :   |b Arena Educational Supply ,   |c 2020 
300 |a 48p. ;   |c 29cm. 
490 0 |a Siri dunia kejuruteraan kontemporari (STEM) 
650 0 |a Engineering   |v Juvenile literature 
650 0 |a Transportation   |v Juvenile literature 
999 |a 00377362   |b BUKU   |c JUNIOR BOOKS   |e PERPUSTAKAAN KOMUNITI PETALING JAYA